| 000 | 01288cam a2200361 i 4500 | ||
|---|---|---|---|
| 999 |
_c200447509 _d65721 |
||
| 003 | TR-AnTOB | ||
| 005 | 20230530001118.0 | ||
| 007 | ta | ||
| 008 | 050514s2003 tu 00000 tur d | ||
| 020 | _a975512750X | ||
| 020 | _a9789755127507 | ||
| 040 |
_aB9K _beng _erda _cB9K _dOCLCQ _dBGZ _dTVG _dTR-AnTOB |
||
| 041 | _atur | ||
| 050 | 0 | 4 |
_aHD9235.L373 _bT9 2003 |
| 090 |
_aHD9235.L373 _bT9 2003 |
||
| 245 | 0 | 0 |
_aTürkiye'de bakliyat üretimindeki sorunların çözümü ve dışa bağımlılığı azaltacak politikaların geliştirilmesi / _chazırlayanlar Yrd. Doç. Dr. Okan Gaytancıoğlu,[and others]. |
| 264 | 1 |
_aİstanbul : _bİstanbul Ticaret Odası, _c2003. |
|
| 300 |
_a120 pages : _billustrations ; _c24 cm |
||
| 336 |
_2rdacontent _atext _btxt |
||
| 337 |
_2rdamedia _aunmediated _bn |
||
| 338 |
_2rdacarrier _avolume _bnc |
||
| 490 | 0 |
_aİstanbul Ticaret Odası ; _vYayın no ; 2003-30 |
|
| 500 | _a"Temmuz 2003." | ||
| 504 | _aBIB | ||
| 650 | 7 |
_aBaklagiller _zTürkiye _2etuturkob _9134866 |
|
| 650 | 7 |
_aBaklagil endüstrisi _zTürkiye _2etuturkob _9139399 |
|
| 653 | _aBakliyat | ||
| 700 | 1 |
_aGaytancıoğlu, Okan _eeditor _955073 |
|
| 710 | 2 |
_aİstanbul Ticaret Odası _919571 |
|
| 942 |
_2lcc _cBK |
||